000 01303nam a2200241Ia 4500
999 _c56241
_d56241
001 23343
003 GE_BSU
005 20210224151323.0
008 181216s1971||||ge |||||||||||||| ||geo||
040 _cGE_BSU
041 _ageo
080 _a94(5)(075.8) + 94(6)(075.8) დ-74
100 _aდონაძე, ვარლამ
_910224
245 _aაზიისა და აფრიკის ქვეყნების ახალი ისტორია:
_bსახელმძღვ. ისტორიის სპეციალობათა სტუდენტებისათვის. ნაწილი1 /
_cრედ.: ა.დოგრაშვილი, ლ.თოდუა.
250 _aმე-2 შევსებული და გადამუშავებული გამოცემა.
264 _aთბილისი :
_bგანათლება,
_c1971.
300 _a402 გვ.;
_b22 სმ.
653 _a აზიის ქვეყნების ისტორია
653 _a აფრიკის ქვეყნების ისტორია
700 _aდოგრაშვილი, ა.
_eრედაქტორი
_910225
700 _aთოდუა, ლ.
_eრედაქტორი
_98369
942 _cBK
_2udc